El bebé de Rosemary /

El escritor norteamericano Ira Levin (1929-2007), nacido en Nueva York, comenzó su trayectoria creativa elaborando guiones de televisión. De sus obras destacan novelas de terror y obras de teatro que en su mayoría fueron llevadas a la pantalla, con éxito, tales como las novelas Un beso antes de mori...

Πλήρης περιγραφή

Αποθηκεύτηκε σε:
Λεπτομέρειες βιβλιογραφικής εγγραφής
Κύριος συγγραφέας: Levin, Ira (autor)
Άλλοι συγγραφείς: Obregón, Enrique de (traducción) (traducción)
Μορφή: Βιβλίο
Γλώσσα:Ισπανικά
Έκδοση: México : Origen, 1984, c1984
Σειρά:(Best Seller Origen ; 15)
Θέματα:
Ετικέτες: Προσθήκη ετικέτας
Δεν υπάρχουν, Καταχωρήστε ετικέτα πρώτοι!

MARC

LEADER 00000nam^a2200000^a^4500
001 000262858
005 20250521000000.0
009 20260310110556.497
020 |a 968-847-104-6 
037 |a Acervo Xavier Clavigero 
041 |a ESP 
082 |a 813.  |b LEV 
100 |a Levin, Ira  |e (autor) 
240 1 4 |a [El bebé de Rosemary] 
245 1 3 |a El bebé de Rosemary /  |c I. Levin ; tr. por E. de Obregón. 
264 4 |a México :  |b Origen,  |c 1984, c1984 
300 |a 271 p. 
336 |a texto  |b txt  |2 rdacontenido 
337 |a sin mediación  |b n  |2 rdamedio 
338 |a volumen  |b nc  |2 rdasoporte 
440 1 |a (Best Seller Origen ;  |v 15) 
500 |a Traducción de: Rosemary's Baby 
520 |a El escritor norteamericano Ira Levin (1929-2007), nacido en Nueva York, comenzó su trayectoria creativa elaborando guiones de televisión. De sus obras destacan novelas de terror y obras de teatro que en su mayoría fueron llevadas a la pantalla, con éxito, tales como las novelas Un beso antes de morir (1953), que obtuvo el premio Edgar Allan Poe para primeras obras; El bebé de Rosemary (1967), adaptada al cine por Roman Polanski y que es considerada como un clásico del cine de terror; Los niños de Brasil (1976) y Las poseídas de Stepford (1972). También el drama Trampa mortal (Deathtrap 1978), llevado al cine en la década de los ochenta. 
649 |a XX 
650 |a Novela Norteamericana 
650 |a Literatura Norteamericana -  |y Siglo XX 
650 |a Literatura Policíaca y de Misterio -  |z EUA 
650 |a Satanismo en la Literatura 
650 |a Posesión Demoníaca 
650 |a Diablo en la Literatura 
700 |a Obregón, Enrique de  |e (traducción) 
910 |a Fondo General 
920 |a Impresos - Libros 
930 |a Colección General 
940 |a Literatura 
905 |a 101 
901 |a 041512  |b IT1  |c LIT  |u 20250521 
902 |a https://opac.biblio.iteso.mx/vufind/Record/000262858